Integrating counselling & psychotherapy : (Record no. 362968)
[ view plain ]
| 000 -LEADER | |
|---|---|
| fixed length control field | 00526nam a2200145Ia 4500 |
| 008 - FIXED-LENGTH DATA ELEMENTS--GENERAL INFORMATION | |
| fixed length control field | 200226s9999 xx 000 0 und d |
| 020 ## - INTERNATIONAL STANDARD BOOK NUMBER | |
| International Standard Book Number | 978-1-5264-4003-7 |
| 100 ## - MAIN ENTRY--PERSONAL NAME | |
| Personal name | Cooper, Mick |
| 245 ## - TITLE STATEMENT | |
| Statement of responsibility, etc | Mick Cooper.-- |
| Title | Integrating counselling & psychotherapy : |
| Remainder of title | directionality, synergy & social challenge / |
| 260 ## - PUBLICATION, DISTRIBUTION, ETC. (IMPRINT) | |
| Place of publication, distribution, etc | London : |
| Name of publisher, distributor, etc | SAGE Publications Ltd |
| Date of publication, distribution, etc | 2019 |
| 300 ## - PHYSICAL DESCRIPTION | |
| Extent | xi , 298 pages : |
| Other physical details | illustration ; |
| Dimensions | 22 cm. |
| 500 ## - GENERAL NOTE | |
| General note | Includes bibliographical references and index. |
| 650 ## - SUBJECT ADDED ENTRY--TOPICAL TERM | |
| Topical term or geographic name as entry element | Counseling. |
| 650 ## - SUBJECT ADDED ENTRY--TOPICAL TERM | |
| Topical term or geographic name as entry element | Psychotherapy. |
| Withdrawn status | Lost status | Damaged status | Home library | Current library | Shelving location | Date acquired | Source of acquisition | Total Checkouts | Full call number | Barcode | Date last seen | Price effective from | Koha item type |
|---|---|---|---|---|---|---|---|---|---|---|---|---|---|
| College Library | College Library | Reserve Section | 02/26/2020 | Library Fund | RC 480 .C776 2019 | C22067 | 06/19/2020 | 02/26/2020 | Books |